Official Language of Every European Country - Statistics

General Stats
  • This quiz has been taken 901 times
    510 since last reset
  • The average score is 42 of 46
Answer Stats
Country Language % Correct
Albania Albanian
98%
Belgium French/Dutch/German
97%
Belarus Belarusian/Russian
96%
Bosnia Bosnian/Croatian/Serbian
96%
Bulgaria Bulgarian
96%
Croatia Croatian
96%
Czech Republic Czech
96%
Denmark Danish
96%
Estonia Estonian
96%
Finland Finnish
96%
France French
96%
Austria German
96%
Germany German
95%
Greece Greek
95%
Ireland Irish/English
95%
Italy Italian
95%
Hungary Hungarian
94%
Luxembourg Luxembourgish/German/French
94%
Cyprus Greek/Turkish
93%
Latvia Latvian
93%
Lithuania Lithuanian
93%
Poland Polish
93%
Russia Russian
93%
Romania Romanian
92%
Netherlands Dutch
91%
Monaco French
91%
Liechtenstein German
91%
San Marino Italian
91%
Serbia Serbian
91%
Iceland Icelandic
90%
Slovakia Slovak
90%
Spain Spanish
90%
Sweden Swedish
90%
Malta Maltese/English
89%
Norway Norwegian, Sami
89%
Slovenia Slovene
89%
United Kingdom English
88%
Switzerland German/French/Italian/Romansh
88%
Kosovo Serbian/Albanian
88%
Vatican City Italian/Latin
87%
Portugal Portuguese
85%
Ukraine Ukrainian
85%
Andorra Catalan
80%
Moldova Romanian
80%
FYROM Slavic Macedonian
72%
Montenegro Montenegrin
62%
No matching quizzes found
Score Distribution
Percent of People with Each Score
Percentile by Number Answered
Your Score History
You have not taken this quiz since the last reset